000 00577cam a2200181 4500500
005 20260405003731.0
041 _afre
042 _adc
100 1 0 _aLarmagnac-Matheron, Octave
_eauthor
245 0 0 _aTout doit disparaître. Lettres d’un monde qui s’efface
260 _c2023.
500 _a66
690 _aAbsence
690 _aDisparition
690 _aReportage
786 0 _nPhilosophie magazine | 171 | 8 | 2023-07-01 | p. 54-54 | 1951-1787
856 4 1 _uhttps://shs.cairn.info/magazine-philosophie-magazine-2023-8-page-54?lang=fr&redirect-ssocas=7080
999 _c2070307
_d2070307